000 00382nam a22001457a 4500
020 _a9788185749365
082 _a004.165 BHA
100 _aBhatnagar Ashish
245 _aPC upgrading maintenance and troubleshooting guide
260 _aNew Delhi
_bS.K.Kataria & Sons
_c1999
300 _a498
_bP.B
650 _aPC upgrading
700 _aAshish Bhatnagar
942 _cBK
999 _c490603
_d490603